000 00359nam a2200145 a 4500
005 20140414131903.0
008 100922s19uu xx 00 eng d
050 _aFIC
_bK84 2005
100 _aKorman, Gordon
245 _aThe stowaway solution.
260 _aNew York :
_bScholastic ,
_c2005.
440 _aOn the run
999 _c110802
_d110802